Statistics for NBA players whose last name ends with 'ic'

Click here to take the quiz!

General Stats

  • This quiz has been taken 221 times
  • The average score is 4 of 5

Answer Stats

Hint Answer % Correct
NuggetsNikola Jokic
92%
HeatGoran Dragic
73%
MagicNikola Vucevic
73%
TrailblazersJusuf Nurkic
72%
76ersDario Saric
53%

Score Distribution

Percentile by Number Answered

Percent of People with Each Score

Your Score History

You have not taken this quiz